000 00666nam a2200217Ii 4500
003 JO-AjNU
008 230605s9999||||xx |||||||||||||| ||und||
017 _a1974/4092
040 _aJO-AjNU
_bara
_erda
_cJO-AjNU
041 _aara
050 1 4 _aHD57.T3.1974
100 3 _aالتاودي،رشدي/محمد مصطفى زيدان,
_eauthor
_917715
245 0 0 _aالاشراف والانتاجية
250 _aط1
264 3 1 _aالقاهرة:مكتبة الانجلو المصرية،1974
300 _a316ص
336 _atext
_btxt
_2rdacontent
337 _aunmediated
_bn
_2rdamedia
338 _avolume
_bnc
_2rdacarrier
650 4 _aالانتاج
_917716
999 _aA5532
_c9100
_d9100